Hodnotenie účinnosti aplikácie ústnych vôd

Saved in:
Bibliographic Details
Main Author: Kulan, Martin (Author)
Other Authors: Valík, Ľubomír (Thesis advisor)
Format: Manuscript Book
Language:Slovak
Published: 2016
Subjects:
Online Access:http://is.stuba.sk/zp/portal_zp.pl?podrobnosti=132843
Tags: Add Tag
No Tags, Be the first to tag this record!

MARC

LEADER 00000ntm a22000003a 4500
001 stuzp58020
003 SK-STU
005 20160719155436.1
007 ta
008 150427s2015----xo-----f-mn---000-0-slo-d
040 |a STU  |b slo 
041 0 |a slo 
100 1 |a Kulan, Martin  |u 040270  |4 aut  |U FCHPT Ústav potravinárstva a výživy  |T FCHPT Oddelenie výživy a hodnotenia kvality potravín  |X 69961  |U C0270  |Y 686  |7 69961 
242 0 1 |a Evaluation of Mouthwashes Application Efficiency  |y eng 
245 1 0 |a Hodnotenie účinnosti aplikácie ústnych vôd 
260 |c 2016 
650 4 |a ústne vody  |2 slo 
650 4 |a ústna mikroflóra  |2 slo 
650 4 |a ústna hygiena  |2 slo 
650 4 |a účinnosť  |2 slo 
650 4 |a mouthwashes  |2 eng 
650 4 |a effectiveness  |2 eng 
650 4 |a oral hygiene  |2 eng 
650 4 |a oral microflora  |2 eng 
700 1 |a Valík, Ľubomír  |u 040270  |k Z1  |4 ths  |U FCHPT Ústav potravinárstva a výživy  |T FCHPT Oddelenie výživy a hodnotenia kvality potravín  |X 3382  |U C0270  |Y 686  |7 A000003382 
856 4 |u http://is.stuba.sk/zp/portal_zp.pl?podrobnosti=132843 
SQL |a stuzp58020  |b DBP  |c SLO  |d Hodnotenie účinnosti aplikácie ústnych vôd  |e 69961  |f Kulan, Martin  |g 040270  |h 3382  |i Valík, Ľubomír  |j 20160714  |k 1785  |l 04  |m http://is.stuba.sk/zp/portal_zp.pl?podrobnosti=132843  |n B-VYKOZ  |o 5.2.24. potravinárstvo